THIS MUSIC MAY CONTAIN HOPE. Tracklist (RAYE) - Statistics

General Stats
  • This quiz has been taken 29 times
  • The average score is 14 of 17
Answer Stats
Hint Answer % Correct
Act II (WINTER) 5 Winter Woman.
96%
Act I (AUTUMN) 3 Beware... The South London Lover Boy.
92%
Act I (AUTUMN) 2 I Will Overcome.
92%
Act IIII (SUMMER) 15 Joy. (feat. Amma & Absolutely)
92%
Act II (WINTER) 6 Click Clack Symphony. (feat. Hans Zimmer)
88%
Act IIII (SUMMER) 17 Fin.
88%
Act III (SPRING) 10 Goodbye Henry. (feat. Al Green)
88%
Act IIII (SUMMER) 14 Fields. (feat. Grandad Michael)
83%
Act II (WINTER) 7 I Know You're Hurting.
83%
Act I (AUTUMN) 1 Intro: Girl Under The Grey Cloud.
83%
Act III (SPRING) 9 I Hate The Way I Look Today.
79%
Act II (WINTER) 8 Life Boat.
79%
Act III (SPRING) 12 Skin & Bones.
79%
Act I (AUTUMN) 4 The WhatsApp Shakespeare.
79%
Act IIII (SUMMER) 16 Happier Times Ahead.
75%
Act III (SPRING) 11 Nightingale Lane.
75%
Act IIII (SUMMER) 13 WHERE IS MY HUSBAND!
75%
No matching quizzes found
Score Distribution
Percent of People with Each Score
Percentile by Number Answered
Your Score History
You have not taken this quiz